Digital communications (Record no. 956)

000 -LEADER
fixed length control field 00508nam a2200205 a 4500
001 - CONTROL NUMBER
control field 956
003 - CONTROL NUMBER IDENTIFIER
control field BD-DhUET
008 - FIXED-LENGTH DATA ELEMENTS--GENERAL INFORMATION
fixed length control field 860516s1986 inua b 001 0 eng
020 ## - INTERNATIONAL STANDARD BOOK NUMBER
International Standard Book Number 0071181830
040 ## - CATALOGING SOURCE
Original cataloging agency DLC
Transcribing agency DLC
Modifying agency BD-DhUET
082 00 - DEWEY DECIMAL CLASSIFICATION NUMBER
Classification number 623.8
Item number PRO/2001
100 ## - MAIN ENTRY--PERSONAL NAME
Personal name Proakis, John G.
245 00 - TITLE STATEMENT
Title Digital communications
250 ## - EDITION STATEMENT
Edition statement 4th ed.
260 ## - PUBLICATION, DISTRIBUTION, ETC. (IMPRINT)
Place of publication, distribution, etc. Boston
Name of publisher, distributor, etc. McGraw-Hill
Date of publication, distribution, etc. 2001
300 ## - PHYSICAL DESCRIPTION
Extent xxi,1002p..
504 ## - BIBLIOGRAPHY, ETC. NOTE
Bibliography, etc Includes bibliographies

650 #0 - SUBJECT ADDED ENTRY--TOPICAL TERM
Topical term or geographic name as entry element Digital communications.
942 ## - ADDED ENTRY ELEMENTS (KOHA)
Koha item type General Book
Holdings
Withdrawn status Copy number Koha item type Price effective from Koha full call number Shelving location Sublocation or collection (holding branch) Not for loan Lost status Damaged status Koha issues (times borrowed) Location (home branch) Koha date last seen Koha normalized classification for sorting Piece designation (barcode) Date acquired Source of classification or shelving scheme Koha date last borrowed
 1General Book2014-08-26623.8/PRO/2001Circulation sectionCentral Library, BUET    Central Library, BUET2014-08-26623_000000000000000_8PRO20011033422014-08-26  
 2General Book2014-08-26623.8/PRO/2001Circulation sectionCentral Library, BUET    Central Library, BUET2017-07-30623_000000000000000_8PRO20011033442014-08-26  
 3General Book2014-08-26623.8/PRO/2001Circulation sectionCentral Library, BUET    Central Library, BUET2015-06-08623_000000000000000_8PRO20011033452014-08-26  
 4General Book2014-08-26623.8/PRO/2001Circulation sectionCentral Library, BUET   1Central Library, BUET2015-08-18623_000000000000000_8PRO20011033462014-08-26 2015-05-20
 5General Book2014-08-26623.8/PRO/2001Circulation sectionCentral Library, BUET    Central Library, BUET2014-08-26623_000000000000000_8PRO20011033472014-08-26  
 6General Book2014-08-26623.8/PRO/2001Circulation sectionCentral Library, BUET   2Central Library, BUET2018-08-29623_000000000000000_8PRO20011033482014-08-26 2018-08-06
 7General Book2014-08-26623.8/PRO/2001Circulation sectionCentral Library, BUET   1Central Library, BUET2018-09-11623_000000000000000_8PRO20011033492014-08-26 2018-08-29
 8General Book2014-08-26623.8/PRO/2001Circulation sectionCentral Library, BUET    Central Library, BUET2015-08-16623_000000000000000_8PRO20011033502014-08-26  
 9General Book2014-08-26623.8/PRO/2001Circulation sectionCentral Library, BUET    Central Library, BUET2015-03-01623_000000000000000_8PRO20011076742014-08-26  
 10General Book2017-05-16623.8/PRO/2001Circulation sectionCentral Library, BUET   1Central Library, BUET2018-09-09623_800000000000000_PRO_20011033432007-05-07 2018-08-28